[Event "AUTO-OPEN-4646"]
[Site "http://www.queenalice.com/game.php?id=1871396"]
[Date "2026.4.4"]
[Round "1"]
[White "Pipo712"]
[Black "Tonto"]
[Result "1-0"]
[WhiteElo "2096"]
[BlackElo "2027"]

1. e4 e5 2. Nf3 Nc6 3. Bb5 d6 4. c3 Bd7 5. O-O Be7 6. Re1 Nf6 7. d4 exd4 8. cxd4
O-O 9. Nc3 a6 10. Bd3 Bg4 11. d5 Ne5 12. Be2 Ng6 13. h3 Bxf3 14. Bxf3 h6 15. g3
Nh7 16. Bg2 Ne5 17. f4 Nd7 18. b3 Bf6 19. Bb2 Re8 20. Qc2 Bd4+ 21. Kh2 Ndf6 22.
Rad1 Bc5 23. a3 b5 24. e5 dxe5 25. fxe5 Nh5 26. Ne4 Bb6 27. Qc3 Rc8 28. Bf3 Nxg3
29. Nxg3 Qg5 30. Re4 Bg1+ 31. Rxg1 Qd8 32. Rg4 Ng5 33. h4 Nxf3+ 34. Qxf3 Qe7 35.
d6 Qe6 36. Nf5 g6 37. Nxh6+ Kg7 38. Nxf7 c6 39. Rxg6+ Qxg6 40. Rxg6+ Kxg6 41.
Qf6+ Kh7 42. d7 1-0

[Event "AUTO-OPEN-4646"]
[Site "http://www.queenalice.com/game.php?id=1871397"]
[Date "2026.4.4"]
[Round "1"]
[White "Tonto"]
[Black "Pipo712"]
[Result "0-1"]
[WhiteElo "2040"]
[BlackElo "2112"]

1. e4 c5 2. Nf3 d6 3. Be2 a6 4. d4 cxd4 5. Nxd4 Nf6 6. Nc3 e6 7. Bg5 Be7 8. O-O
Qc7 9. Re1 O-O 10. Bf3 Nbd7 11. Nce2 Ne5 12. Nc3 Nxf3+ 13. Nxf3 b5 14. e5 dxe5
15. Nxe5 Rd8 16. Qf3 Bb7 17. Qg3 b4 18. Nd1 Ne4 19. Qg4 f5 20. Qh5 Nxg5 21. h4
Ne4 22. Qf7+ Kh8 23. Qxe6 Nd6 24. Ne3 Bf6 25. Nxf5 Bc8 26. Qd5 Bxf5 27. Nf3 Qxc2
28. Rac1 Qa4 29. Ng5 Bxg5 30. hxg5 Bg6 31. Qf3 Nf7 32. Rcd1 Rxd1 33. Qxa8+ Nd8
34. Rxd1 Qxd1+ 35. Kh2 Qd6+ 36. g3 h6 37. gxh6 gxh6 38. Qf3 Nf7 39. Qe2 Ng5 40.
Kg2 Be4+ 41. Kh2 Nf3+ 0-1

[Event "AUTO-MASTER-3300"]
[Site "http://www.queenalice.com/game.php?id=1871442"]
[Date "2026.4.5"]
[Round "1"]
[White "Pipo712"]
[Black "chessman"]
[Result "1-0"]
[WhiteElo "2078"]
[BlackElo "1961"]

1. e4 e6 2. d4 d5 3. Nd2 dxe4 4. Nxe4 Nd7 5. Nf3 Ngf6 6. Bg5 Be7 7. Nxf6+ Nxf6
8. c3 O-O 9. Bd3 b6 10. O-O Bb7 11. Re1 Rc8 12. Ne5 h6 13. Bxf6 Bxf6 14. Be4
Bxe4 15. Rxe4 Bxe5 16. Rxe5 Qd6 17. Qe2 Rfd8 18. Rd1 c5 19. d5 exd5 20. Rdxd5
Qxd5 21. Rxd5 Rxd5 22. g3 Rcd8 23. Qa6 R8d7 24. c4 Rd2 25. a4 Rxb2 26. Qc8+ 1-0

[Event "AUTO-MASTER-3300"]
[Site "http://www.queenalice.com/game.php?id=1871443"]
[Date "2026.4.5"]
[Round "1"]
[White "chessman"]
[Black "Pipo712"]
[Result "0-1"]
[WhiteElo "1988"]
[BlackElo "2103"]

1. e4 c5 2. f3 e6 3. d4 cxd4 4. Qxd4 Nc6 5. Qd1 Nf6 6. Bc4 a6 7. a3 Bc5 8. Ne2
O-O 9. Nbc3 b5 10. Ba2 Bb7 11. Bg5 h6 12. Bf4 Qb6 13. Bd6 Bxd6 14. Ng3 Qc7 15.
Nce2 Be5 16. c3 Rad8 17. O-O d5 18. f4 Qb6+ 19. Kh1 Bb8 20. e5 Ng4 21. Nd4 Ne3
22. Qd2 Nxf1 23. Rxf1 Nxd4 24. cxd4 Ba7 25. Rd1 Rc8 26. h3 Rc4 27. Bxc4 dxc4 0-1

[Event "AUTO-MASTER-3302"]
[Site "http://www.queenalice.com/game.php?id=1872251"]
[Date "2026.4.21"]
[Round "1"]
[White "Pin"]
[Black "Pipo712"]
[Result "1-0"]
[WhiteElo "2127"]
[BlackElo "2113"]

1. e4 c5 2. Nf3 d6 3. d4 cxd4 4. Qxd4 Nf6 5. Nc3 Nc6 6. Bb5 Qa5 7. Bg5 Qxb5 8.
Nxb5 Nxd4 9. Nfxd4 Nxe4 10. Nc7+ Kd8 11. Nxa8 Nxg5 12. Nb5 Ne6 13. Nxa7 Bd7 14.
Nb6 Bc6 15. Nxc6+ bxc6 16. O-O-O d5 17. a4 Nc7 18. a5 e6 19. c3 c5 20. Kc2 Na6
21. Ra1 Kc7 22. f4 g6 23. g4 Bg7 24. Rab1 Rb8 25. b4 c4 26. h4 Kd6 27. Rhd1 Nc7
28. Nxc4+ Kc6 29. Ne5+ Bxe5 30. fxe5 Nb5 31. Rf1 Na3+ 32. Kb2 Nxb1 33. Kxb1 Kb5
34. Rxf7 1-0

[Event "AUTO-OPEN-4649"]
[Site "http://www.queenalice.com/game.php?id=1872456"]
[Date "2026.4.25"]
[Round "1"]
[White "SGF"]
[Black "Pipo712"]
[Result "0-1"]
[WhiteElo "1731"]
[BlackElo "2122"]

1. e4 c5 2. Qf3 Nc6 3. c3 Nf6 4. d3 d6 5. a4 e6 6. Be2 Be7 7. Qg3 O-O 8. Bh6 Ne8
9. h4 Kh8 10. Bg5 f6 11. Be3 e5 12. h5 d5 13. h6 g6 14. exd5 Qxd5 15. Nd2 f5 16.
c4 Qf7 17. Nb3 f4 18. Qf3 fxe3 19. Qxf7 Rxf7 20. fxe3 a5 21. Nf3 b6 22. Nbd2 Bf5
23. e4 Bg4 24. Ng5 Bxg5 25. Bxg4 Nd4 26. O-O-O Nb3+ 27. Kc2 Nxd2 28. Be6 Rf2 29.
Kc3 Be3 30. Rh3 Bd4+ 31. Kc2 Nxc4+ 32. Kc1 Bxb2+ 33. Kb1 Na3+ 34. Ka2 Nc7 35.
Bd7 Rd8 36. Bc6 c4 37. d4 exd4 38. e5 c3 39. Rf3 Rxf3 40. gxf3 d3 41. Be4 d2 42.
f4 Rd4 43. Bf3 Rxf4 44. Be2 Re4 45. Bf3 Re1 46. e6 Rxd1 47. Bxd1 c2 48. Bxc2
Nxc2 49. Kxb2 d1=Q 50. e7 Nb4 51. Kc3 Qd3+ 52. Kb2 Qc2+ 53. Ka3 Qa2# 0-1

[Event "AUTO-OPEN-4649"]
[Site "http://www.queenalice.com/game.php?id=1872457"]
[Date "2026.4.25"]
[Round "1"]
[White "Pipo712"]
[Black "SGF"]
[Result "1-0"]
[WhiteElo "2115"]
[BlackElo "1748"]

1. e4 e5 2. Nf3 Qf6 3. Nc3 c6 4. d4 Be7 5. dxe5 Qg6 6. g3 Bb4 7. Qd3 Ne7 8. h4
h5 9. Bd2 b5 10. O-O-O a5 11. Ne2 Na6 12. c3 Bc5 13. Nf4 Qh7 14. Be3 Bxe3+ 15.
fxe3 Nc5 16. Qd4 Nxe4 17. Bd3 c5 18. Qxe4 Qxe4 19. Bxe4 Ra7 20. Rd2 Bb7 21. Bxb7
Rxb7 22. e4 Nc6 23. Rhd1 c4 24. Nd5 O-O 25. Ne3 Rd8 26. Rd6 Rbb8 27. Rxd7 Rxd7
28. Rxd7 a4 29. Nf5 g6 30. Nd6 Rf8 31. Nxb5 Re8 32. Nc7 Rf8 33. Rd6 Nd8 34. Rd4
Ne6 35. Nxe6 fxe6 36. Nd2 Rf2 37. Rxc4 Rg2 38. Rxa4 Rxg3 39. b4 Rxc3+ 40. Kb2
Rh3 41. b5 Rxh4 42. b6 Rf4 43. b7 Rf8 44. Ra8 h4 45. Rxf8+ Kxf8 46. b8=Q+ Kg7
47. Qd6 h3 48. Nf3 Kh6 49. Qxe6 Kh5 50. Qxh3# 1-0

[Event "AUTO-OPEN-4649"]
[Site "http://www.queenalice.com/game.php?id=1872482"]
[Date "2026.4.25"]
[Round "1"]
[White "Pipo712"]
[Black "maurice916"]
[Result "1-0"]
[WhiteElo "2116"]
[BlackElo "1927"]

1. e4 c6 2. d4 d5 3. Nc3 dxe4 4. Nxe4 Nf6 5. Nxf6+ exf6 6. c3 Bd6 7. Bd3 O-O 8.
Ne2 Bg4 9. Qc2 h5 10. f3 Be6 11. O-O Bc7 12. Bf4 Na6 13. Bxc7 Nxc7 14. Nf4 g6
15. Bxg6 fxg6 16. Qxg6+ Kh8 17. Qxh5+ Kg8 18. Ng6 Rf7 19. Qh8# 1-0

[Event "AUTO-OPEN-4649"]
[Site "http://www.queenalice.com/game.php?id=1872483"]
[Date "2026.4.25"]
[Round "1"]
[White "maurice916"]
[Black "Pipo712"]
[Result "0-1"]
[WhiteElo "1852"]
[BlackElo "2073"]

1. Nf3 d5 2. b3 Nf6 3. Bb2 Bf5 4. e3 e6 5. d4 Be7 6. Bd3 Nbd7 7. O-O O-O 8. Bxf5
exf5 9. c4 c6 10. Nbd2 Bd6 11. c5 Bb8 12. b4 Ne4 13. a4 Ndf6 14. Ne5 Re8 15. f3
Nxd2 16. Qxd2 Nd7 17. f4 Nf6 18. Rf3 Ne4 19. Qe2 Re6 20. Rh3 h6 21. g4 fxg4 22.
Nxg4 Rg6 23. Kh1 Qd7 24. Rh4 Rxg4 25. Rxg4 Qxg4 26. Qxg4 Nf2+ 27. Kg2 Nxg4 28.
Re1 f5 29. h3 Nf6 30. Bc1 Ne4 31. b5 cxb5 32. axb5 Bc7 33. Kf3 b6 34. c6 Nc3 35.
Bd2 Nxb5 36. Bb4 a5 37. Bd2 a4 38. Ra1 a3 39. Bb4 Ra4 40. Be7 a2 41. Bh4 Nc3 42.
Be1 Ne4 43. Bh4 Nd2+ 44. Ke2 Nb3 45. Rxa2 Rxa2+ 46. Kf3 Nd2+ 47. Ke2 Ne4+ 48.
Kd3 Rd2# 0-1

[Event "AUTO-OPEN-4649"]
[Site "http://www.queenalice.com/game.php?id=1872484"]
[Date "2026.4.25"]
[Round "1"]
[White "Pipo712"]
[Black "EduardoRo"]
[Result "1-0"]
[WhiteElo "2102"]
[BlackElo "1668"]

1. e4 e5 2. Nf3 Nc6 3. Bb5 Nf6 4. O-O a6 5. Ba4 b5 6. Bb3 Bc5 7. a4 O-O 8. axb5
Nd4 9. Nxd4 exd4 10. e5 Ne8 11. d3 c6 12. bxc6 dxc6 13. Qf3 Be6 14. Qxc6 Qc8 15.
Qxc8 Rxc8 16. Rxa6 Nc7 17. Bxe6 fxe6 18. Rc6 Bb4 19. Bd2 Bxd2 20. Nxd2 Rf5 21.
f4 Rf7 22. Nc4 Rcf8 23. Nd6 Re7 24. Rc4 g5 25. Rxd4 h6 26. fxg5 Rxf1+ 27. Kxf1
hxg5 28. b4 Nd5 29. b5 Ne3+ 30. Ke2 Nxc2 31. Rg4 Rg7 32. b6 Kh7 33. b7 Rg8 34.
Nc8 1-0

[Event "AUTO-OPEN-4649"]
[Site "http://www.queenalice.com/game.php?id=1872485"]
[Date "2026.4.25"]
[Round "1"]
[White "EduardoRo"]
[Black "Pipo712"]
[Result "0-1"]
[WhiteElo "1670"]
[BlackElo "2101"]

1. e4 c5 2. Nf3 d6 3. Bb5+ Nd7 4. O-O Nf6 5. Nc3 e6 6. d4 a6 7. Bxd7+ Nxd7 8.
Bg5 Be7 9. Bxe7 Qxe7 10. d5 e5 11. Qd2 b5 12. b3 O-O 13. Ng5 Nf6 14. Ne2 h6 15.
Nf3 Nxe4 16. Qd3 Nf6 17. Ng3 e4 18. Nxe4 Qxe4 19. Qxe4 Nxe4 20. Rfe1 Nf6 21. c4
Bd7 22. a4 b4 23. Re7 Rfe8 24. Rxe8+ Rxe8 25. h3 Bf5 26. Re1 Rxe1+ 27. Nxe1 Bb1
28. Nf3 Bc2 29. Nd2 Ne4 30. Nxe4 Bxe4 31. Kf1 Bc2 32. Ke2 Bxb3 0-1

[Event "AUTO-OPEN-4653"]
[Site "http://www.queenalice.com/game.php?id=1873629"]
[Date "2026.5.21"]
[Round "1"]
[White "Pipo712"]
[Black "Capixabba789"]
[Result "1-0"]
[WhiteElo "2095"]
[BlackElo "1859"]

1. d4 d5 2. c4 e6 3. Nf3 Nf6 4. g3 Be7 5. Bg2 c6 6. b3 dxc4 7. bxc4 O-O 8. O-O
Nbd7 9. Nbd2 Re8 10. Bb2 Nf8 11. e4 Ng6 12. e5 Nd7 13. Ne4 Nb6 14. Qc2 Bd7 15.
h4 f5 16. exf6 gxf6 17. Rfe1 Nc8 18. Qd2 Nd6 19. Nxd6 Bxd6 20. c5 Bb8 21. h5 Nh8
22. Qh6 Re7 23. Qxf6 Qf8 24. Qh4 Qf7 25. d5 cxd5 26. Qg5+ Kf8 27. Bxh8 1-0

[Event "AUTO-OPEN-4653"]
[Site "http://www.queenalice.com/game.php?id=1873630"]
[Date "2026.5.21"]
[Round "1"]
[White "Capixabba789"]
[Black "Pipo712"]
[Result "0-1"]
[WhiteElo "1898"]
[BlackElo "2087"]

1. d4 Nf6 2. c4 g6 3. Nc3 d5 4. cxd5 Nxd5 5. e4 Nxc3 6. bxc3 Bg7 7. f4 c5 8.
Bb5+ Bd7 9. Bxd7+ Qxd7 10. Nf3 cxd4 11. cxd4 Nc6 12. Bb2 Rd8 13. e5 O-O 14. O-O
e6 15. Qd3 Ne7 16. Ng5 Rfe8 17. Rad1 Nd5 18. Qh3 h6 19. Ne4 Bf8 20. Rc1 Rc8 21.
Rxc8 Rxc8 22. Bc1 Qa4 23. a3 Qxd4+ 24. Kh1 Qxe4 0-1

[Event "AUTO-OPEN-4653"]
[Site "http://www.queenalice.com/game.php?id=1873631"]
[Date "2026.5.21"]
[Round "1"]
[White "Pipo712"]
[Black "SGF"]
[Result "0-1"]
[WhiteElo "2113"]
[BlackElo "1715"]

1. c4 e5 2. Nc3 c6 3. Nf3 Qf6 4. g3 d6 5. Bg2 a5 6. O-O Be7 7. h3 h5 8. d3 h4 9.
Bg5 Qg6 10. Bxe7 Nxe7 11. Nxh4 Rxh4 12. gxh4 Bxh3 0-1

[Event "AUTO-OPEN-4653"]
[Site "http://www.queenalice.com/game.php?id=1873632"]
[Date "2026.5.21"]
[Round "1"]
[White "SGF"]
[Black "Pipo712"]
[Result "1-0"]
[WhiteElo "1748"]
[BlackElo "2103"]

1. e4 c5 2. Qf3 Nc6 3. c3 Nf6 4. d3 d6 5. Be2 e6 6. Qg3 h6 7. h4 Rg8 8. h5 b6 9.
a4 Bb7 10. b3 Rc8 11. Na3 a6 12. Nc4 d5 13. exd5 Nxd5 14. Bd2 Qf6 15. Bf3 Ne5
16. Nxe5 Bd6 17. Ng4 Bxg3 18. Nxf6+ gxf6 19. Bxh6 Be5 20. d4 cxd4 21. c4 Nb4 22.
Bxb7 Rc7 23. Be4 d3 24. Rd1 Rd7 25. g3 f5 26. Bf3 Ke7 27. Bd2 Nc2+ 28. Kf1 Bf6
29. h6 Nd4 30. Bb4+ Ke8 31. Rxd3 e5 32. h7 Rh8 33. Rd1 e4 34. Bg2 Nxb3 35. Rxd7
Kxd7 36. Ne2 a5 37. Bc3 Bxc3 38. Nxc3 Nd2+ 39. Ke2 Nxc4 40. f4 Kc6 41. g4 Kc5
42. gxf5 Kb4 43. Nxe4 Kxa4 44. Ng5 Rxh7 45. Nxh7 b5 46. f6 1-0